| 000 | 00911nam a22002177a 4500 | ||
|---|---|---|---|
| 005 | 20210928163803.0 | ||
| 008 | 210928b ||||| |||| 00| 0 eng d | ||
| 020 | _a0743205022 | ||
| 040 | _cAL | ||
| 041 | _aeng | ||
| 082 |
_223 _a958.1046092 _bBERH |
||
| 100 |
_aPeter L Bergen _9493 |
||
| 245 | _aHoly War Inc Inside the secret world of Osama Bin Laden | ||
| 260 |
_aNew York _bFree Press _c2001 |
||
| 300 |
_aix,283 p _bHB _c23x15 cm |
||
| 365 |
_b$26.00 _c$ _d$26.00 |
||
| 520 | _aOne of only a handful of Western journalists to have interviewed the world's most wanted man face to face, Peter Bergen has produced the definitive book on the Jihadist network that operates globally and in secrecy. Immense in scope and unnerving in its findings, "Holy War, Inc." reveals the terrifying world of the new Jihad. Maps. | ||
| 650 |
_aAfghan war _9494 |
||
| 700 |
_aBERGEN (Peter L) _9495 |
||
| 942 |
_2ddc _cGF |
||
| 999 |
_c216419 _d216419 |
||